Nástupnictví v rodinných firmách: cesta do pekel je dlážděná dobrými úmysly

Výhody a nevýhody rodinných firiem. Zmeny v rodinných firmách, komunikácia vo vnútri firmy, samoriaditeľné tímy.

Salvato in:
Dettagli Bibliografici
Autore principale: Zelingrová, Lenka
Natura: Capitolo di libro
Lingua:ceco
Soggetti:
Tags: Aggiungi Tag
Nessun Tag, puoi essere il primo ad aggiungerne!!

MARC

LEADER 00000naa a2200000 4500
001 0219949
005 20231113135246.5
041 0 |a cze 
044 |a CZ 
245 1 0 |a Nástupnictví v rodinných firmách: cesta do pekel je dlážděná dobrými úmysly  |c Lenka Zelingrová 
520 |a Výhody a nevýhody rodinných firiem. Zmeny v rodinných firmách, komunikácia vo vnútri firmy, samoriaditeľné tímy. 
610 2 0 |a firmy 
610 2 0 |a podnik rodinný 
610 2 0 |a zdroje ľudské 
100 1 |a Zelingrová, Lenka